Music Quiz

Random Music or Album Quiz
Score 0/20 Timer 06:00
3 Plays Today
Band % Correct
The Beatles (Abbey Road)
97%
KISS (Alive)
80.7%
The White Stripes (Elephant)
78.9%
The Jimi Hendrix Experience (Are You Experienced)
78.3%
AC/DC (Highway to Hell)
71.9%
Beastie Boys (Solid Gold Hits)
67.8%
The Police (Outlandos D'amour)
65.7%
Weezer (The Blue Album)
63.5%
The Beach Boys (Pet Sounds)
55.1%
Green Day (Warning:)
48.8%
Band % Correct
Mötley Crüe (Shout at the Devil)
45.3%
Crosby, Stills & Nash (Crosby, Stills & Nash)
41%
The Mamas & The Papas (If You Can Believe Your Eyes and Ears)
34.8%
The Pretenders (Pretenders)
33.9%
Pink Floyd (Piper at the Gates of Dawn)
32.5%
Mumford & Sons (Babel)
29.3%
The Mothers of Invention (We're Only in it for the Money)
24%
Cream (Fresh Cream)
22.9%
Lynyrd Skynyrd (Pronounced 'Lĕh-'nérd 'Skin-'nérd)
22.6%
The Stooges (The Stooges)
21%
Remove Ads.
Support Sporcle.
Get the best of Sporcle when you Go Orange. This ad-free experience offers more features, more stats, and more fun while also helping to support Sporcle. Thank you for becoming a member.

You're not logged in!

Compare scores with friends on all Sporcle quizzes.
OR
Log In

Show Comments

Extras

Top Quizzes Today


Score Distribution

Your Account Isn't Verified!

In order to create a playlist on Sporcle, you need to verify the email address you used during registration. Go to your Sporcle Settings to finish the process.

Report this User

Report this user for behavior that violates our Community Guidelines.

Details: